00367nam a22001337a 450000500170000000800410001704100120005808200120007010000120008224500420009426000420013630000290017865000260020720240808070333.0240808b |||||||| |||| 00| 0 eng d aEnglish a349 SOU lEnglish aSouth African Law Reports: Transvaal  aSouth African Law Reports: Transvaal  bxl, 336 pages; c25 cm.  aLegal practice bLaw